[Event "FIDE-Online-Steinitz-Memorial-Women"]
[Site "Internet"]
[Date "2020.05.15"]
[Round "3"]
[White "Paehtz, Elisabeth"]
[Black "Stefanova, Antoaneta"]
[Result "0-1"]
[WhiteElo "2396"]
[BlackElo "2485"]
[Annotator "TA"]
[PlyCount "72"]
[EventDate "2020.05.15"]
[EventType "tourn"]
[SourceTitle "playchess.com"]
[Source "ChessBase"]
[SourceQuality "1"]

{[%evp 10,72,8,8,5,2,11,5,8,0,0,0,-2,-22,-19,-8,-17,-18,-14,-41,-9,-41,-40,-39,-45,-68,-64,-67,-54,-62,-23,-29,-27,-41,-41,-41,-41,-41,-40,-42,-40,-53,-47,-71,-70,-83,-80,-89,-46,-89,-90,-210,-203,-200,-172,-397,-412,-620,-605,-29990,-29991,-29991,-29992,-29996,-29997]} 1. d4 d5 2. Bf4 Nf6 3. e3 e6 4. Nf3 Bd6 5. Nbd2 Bxf4 6. exf4 b6 {D02: 1 d4 d5 2 Nf3 sidelines, including 2...Nf6 3 g3 and 2...Nf6 3 Bf4.} (6... O-O 7. Bd3 b6 8. Qe2 a5 9. O-O Ba6 10. Bxa6 Nxa6 11. c3 c5 12. Ne5 Qd6 13. a3 Nc7 14. Rfe1 b5 {1-0 (33) Paehtz,E (2420)-Stefanova,A (2455) Hengshui 2019}) 7. c3 O-O 8. g3 {[#]} c5 $146 {The position is equal.} ({Predecessor:} 8... Ba6 9. Be2 Qc8 10. Ne5 Bxe2 11. Qxe2 Qa6 12. Qxa6 Nxa6 13. Ndf3 c5 14. O-O Rfc8 {1-0 (31) Fox,C-Graham,G Dublin 1992}) 9. Bd3 Ba6 10. Bxa6 Nxa6 11. Qe2 Nc7 {[%cal Ba6c7,Bc7e8,Be8d6][%mdl 32]} 12. O-O Nce8 13. Ne5 Nd6 14. Nb3 Qc7 15. Rae1 a5 {[%cal Ba7a5,Ba5a4][%mdl 32]} 16. a3 a4 17. Nd2 cxd4 18. cxd4 Rfc8 19. Nd3 Nfe4 20. Rc1 Qb7 21. Nb4 Nxd2 22. Qxd2 Rc4 23. Rxc4 Nxc4 24. Qe2 Rc8 25. Re1 Nd6 26. Qd3 g6 27. Kg2 b5 28. h4 h5 29. Re2 Rc4 30. Rxe6 (30. Nc2 $17) 30... fxe6 $19 31. Qxg6+ Kf8 {And now ...Qf7 would win.} 32. Qxe6 $2 (32. Qh6+ {is the only way for White.} Qg7 33. Qxe6) 32... Nf7 33. Qf6 (33. Nd3 $142 Qe7 34. Qxd5) 33... Qe7 34. Qb6 Qe4+ {[%mdl 64] [#] Double Attack. Black mates.} 35. Kh2 Rc1 {[%csl Gc1][%cal Re4h1]} 36. Qb8+ Kg7 {Accuracy: White = 60%, Black = 88%.} 0-1

[Event "FIDE-Online-Steinitz-Memorial-Women"]
[Site "Internet"]
[Date "2020.05.15"]
[Round "3"]
[White "Cori T., Deysi"]
[Black "Kosteniuk, Alexandra"]
[Result "0-1"]
[WhiteElo "2391"]
[BlackElo "2521"]
[Annotator "ChessBase"]
[PlyCount "120"]
[EventDate "2020.05.15"]
[EventType "tourn"]
[SourceTitle "playchess.com"]
[Source "ChessBase"]
[SourceQuality "1"]
[TimeControl "180+2"]

1. d4 Nf6 2. c4 {[%emt 0:00:05]} e6 {[%emt 0:00:04]} 3. Nf3 {[%emt 0:00:02]} b6 {[%emt 0:00:01]} 4. g3 {[%emt 0:00:02]} Bb7 {[%emt 0:00:01]} 5. Bg2 {[%emt 0:00:01]} Be7 {[%emt 0:00:01]} 6. O-O {[%emt 0:00:01]} O-O {[%emt 0:00:01]} 7. Nc3 {[%emt 0:00:04]} Ne4 {[%emt 0:00:01]} 8. Qc2 {[%emt 0:00:02]} Nxc3 {[%emt 0:00:30]} 9. Qxc3 {[%emt 0:00:04]} c5 {[%emt 0:00:05]} 10. dxc5 {[%emt 0:00:17]} bxc5 {[%emt 0:00:06]} 11. Rd1 {[%emt 0:00:01]} Qb6 {[%emt 0:00:20]} 12. Bg5 {[%emt 0:00:31]} f6 {[%emt 0:00:08]} 13. Bf4 {[%emt 0:00:09]} d5 {[%emt 0:00:02]} 14. cxd5 {[%emt 0:00:03]} exd5 {[%emt 0:00:03]} 15. Nh4 {[%emt 0:00:09]} Rd8 {[%emt 0:00:10]} 16. Nf5 {[%emt 0:00:05]} Bf8 {[%emt 0:00:01]} 17. Rac1 {[%emt 0:00:24]} Na6 {[%emt 0:00:14]} 18. h4 {[%emt 0:00:32]} Nb4 {[%emt 0:00:13]} 19. Ra1 {[%emt 0:00:21]} Qe6 {[%emt 0:00:16]} 20. Ne3 {[%emt 0:00:29]} d4 {[%emt 0:00:10]} 21. Qc4 {[%emt 0:00:01]} Qxc4 {[%emt 0:00:04]} 22. Nxc4 {[%emt 0:00:01]} Bxg2 {[%emt 0:00:00]} 23. Kxg2 {[%emt 0:00:01]} Nd5 {[%emt 0:00:10]} 24. Bd2 {[%emt 0:00:02]} Rab8 {[%emt 0:00:02]} 25. Rac1 {[%emt 0:00:04]} Re8 {[%emt 0:00:04]} 26. Kf1 {[%emt 0:00:03]} Re6 {[%emt 0:00:06]} 27. b3 {[%emt 0:00:07]} Rbe8 {[%emt 0:00:03]} 28. Re1 {[%emt 0:00:01]} Ra6 {[%emt 0:00:08]} 29. a4 {[%emt 0:00:07]} Rb8 {[%emt 0:00:03]} 30. Rb1 {[%emt 0:00:02]} g6 {[%emt 0:00:07]} 31. e4 {[%emt 0:00:01]} dxe3 {[%emt 0:00:05]} 32. Bxe3 {[%emt 0:00:02]} Re6 {[%emt 0:00:12]} 33. Bd2 {[%emt 0:00:04]} Rxe1+ {[%emt 0:00:03]} 34. Bxe1 {[%emt 0:00:03]} Kf7 {[%emt 0:00:02]} 35. Rd1 {[%emt 0:00:02]} Ke6 {[%emt 0:00:01]} 36. Rd3 {[%emt 0:00:02]} f5 {[%emt 0:00:03]} 37. f3 {[%emt 0:00:01]} Nb6 {[%emt 0:00:13]} 38. Na5 {[%emt 0:00:02]} Rc8 {[%emt 0:00:08]} 39. Bf2 {[%emt 0:00:02]} c4 {[%emt 0:00:01]} 40. bxc4 {[%emt 0:00:02]} Nxc4 {[%emt 0:00:02]} 41. Nxc4 {[%emt 0:00:03]} Rxc4 {[%emt 0:00:01]} 42. Bxa7 {[%emt 0:00:01]} Rxa4 {[%emt 0:00:01]} 43. Be3 {[%emt 0:00:02]} Ra2 {[%emt 0:00:01]} 44. Rb3 {[%emt 0:00:02]} Bd6 {[%emt 0:00:04]} 45. Bf2 {[%emt 0:00:01]} h6 {[%emt 0:00:03]} 46. Rb6 {[%emt 0:00:02]} Kd5 {[%emt 0:00:01]} 47. Rb5+ {[%emt 0:00:04]} Ke6 {[%emt 0:00:01]} 48. Rb6 {[%emt 0:00:02]} Kd5 {[%emt 0:00:06]} 49. Rb5+ {[%emt 0:00:00]} Kc4 {[%emt 0:00:01]} 50. Rb6 {[%emt 0:00:02]} Rxf2+ {[%emt 0:00:01]} 51. Kxf2 {[%emt 0:00:03]} Bc5+ {[%emt 0:00:01]} 52. Ke2 {[%emt 0:00:02]} Bxb6 {[%emt 0:00:00]} 53. g4 {[%emt 0:00:00]} Kd5 {[%emt 0:00:02]} 54. h5 {[%emt 0:00:02]} g5 {[%emt 0:00:01]} 55. gxf5 {[%emt 0:00:01]} Ke5 {[%emt 0:00:00]} 56. Kf1 {[%emt 0:00:01]} Kxf5 {[%emt 0:00:01]} 57. Kg2 {[%emt 0:00:01]} Kf4 {[%emt 0:00:01]} 58. Kh2 {[%emt 0:00:02]} Kxf3 {[%emt 0:00:01]} 59. Kh3 {[%emt 0:00:00]} g4+ {[%emt 0:00:02]} 60. Kh4 {[%emt 0:00:02]} Bd8# {[%emt 0:00:04]} 0-1

[Event "FIDE-Online-Steinitz-Memorial-Women"]
[Site "Internet"]
[Date "2020.05.15"]
[Round "4"]
[White "Lagno, Kateryna"]
[Black "Lei, Tingjie"]
[Result "1/2-1/2"]
[WhiteElo "2608"]
[BlackElo "2530"]
[Annotator "TA"]
[PlyCount "134"]
[EventDate "2020.05.15"]
[EventType "tourn"]
[SourceTitle "playchess.com"]
[Source "ChessBase"]
[SourceQuality "1"]

{[%evp 20,134,29,23,21,10,16,20,29,27,32,20,29,9,17,17,10,7,19,7,16,7,9,10,13,0,0,8,24,0,0,0,0,-8,0,0,0,-403,-387,-384,-385,-364,-210,-228,-228,-194,-177,-191,-17,-16,-40,-80,-80,-85,0,-80,0,0,0,0,0,0,0,0,0,0,0,0,0,0,0,0,0,0,0,0,0,0,0,0,0,0,0,0,7,7,8,8,2775,1916,2287,0,0,0,0,0,0,0,14,0,24,24,38,39,39,0,21,0,0,0,0,0,0,0,0,0,0]} 1. e4 e5 2. Nf3 Nc6 3. Bb5 Nf6 4. O-O Nxe4 5. Re1 Nd6 6. Nxe5 Be7 7. Bf1 Nxe5 8. Rxe5 O-O 9. d4 Bf6 10. Re1 Nf5 11. c3 d5 {C67: Ruy Lopez: Berlin Defence: 4 0-0 Nxe4.} 12. Bf4 c6 13. Nd2 {[%cal Bb1d2,Bd2f3,Bf3e5][%mdl 32] [#]} Bd7 $146 ({Predecessor:} 13... Nh4 14. Be5 Bf5 15. g3 Ng6 16. Bxf6 Qxf6 17. Qh5 Rae8 18. h4 Re6 19. Qg5 Qxg5 20. hxg5 {½-½ (66) Kovalev,V (2662)-Jakovenko,D (2698) Moscow 2019}) 14. Nf3 Re8 15. Ne5 Be6 16. Bd3 Bg5 17. Qd2 Bxf4 18. Qxf4 Nd6 19. Re3 f6 20. Nf3 Qd7 21. Rae1 Bf7 22. h4 Rxe3 23. Rxe3 Re8 24. Nd2 Rxe3 25. fxe3 Qe7 26. a3 Bg6 27. Bxg6 hxg6 28. Qg4 $2 {[%mdl 8192]} (28. Kf2 $11 {and White stays safe.}) 28... Qxe3+ $19 {[%mdl 64] [#] Double Attack} 29. Kh2 Qxd2 30. Qe6+ Nf7 (30... Kh7 $142 31. Qxd6 Qxb2) 31. Qe8+ Kh7 32. Qxf7 Qxb2 {[%mdl 4096] Endgame KQ-KQ} 33. h5 Qb1 $2 ({Worse is} 33... Qxc3 34. Qxg6+ Kh8 35. Qe8+ Kh7 36. Qg6+ Kh8 37. Qe8+ Kh7 38. Qg6+ $11) (33... Qxa3 $19 34. Qxg6+ Kg8) 34. hxg6+ $11 Kh6 35. a4 a5 ({But not} 35... Qxg6 36. Qxb7 Qh5+ 37. Kg3 $11) 36. Qc7 Kxg6 (36... Qf5 $17 37. Qxa5 Qf4+ 38. Kg1 Qe3+ 39. Kh2 Kxg6) 37. Qxa5 (37. Qg3+ $1 $11 {remains equal.} Kh7 38. Qh3+ Kg6 39. Qg4+ Kh6 40. Qh3+ Kg5 41. Qg3+ Kf5 42. Qh3+ Kg6 43. Qg4+ Kh7 44. Qh3+ Kg8 45. Qe6+ Kf8 46. Qd6+ Ke8 47. Qe6+ Kf8 48. Qd6+ Kg8 49. Qe6+ Kh8 50. Qe8+ Kh7 51. Qh5+ Kg8 52. Qe8+ Kh7 53. Qh5+ Kg8 54. Qe8+ Kh7) 37... b6 (37... Qb2 $17) 38. Qa8 c5 39. Qxd5 cxd4 40. cxd4 Qc1 41. Qe4+ Kf7 42. d5 Qc7+ 43. Kh1 Qd6 44. Qc4 g6 45. Qb5 f5 46. Qa6 Kf6 47. a5 Qxd5 48. Qxb6+ Kg7 49. Qc7+ Kf6 50. Qc3+ Kf7 51. Qa1 Qb7 52. a6 Qa7 53. Qa5 Qb8 $2 {[%mdl 8192]} (53... Kf6 $11) 54. Qd5+ $18 Kf6 55. Qb7 $2 (55. Qd4+ $18 Kf7 56. a7) 55... Qf4 56. Qb6+ Kg7 57. Qb2+ Kh7 58. Qa1 Qh4+ 59. Kg1 Qe4 60. Qc3 {[#] a7 is the strong threat.} Qa4 61. Qc7+ Kh6 62. a7 {Strongly threatening Qe7.} Qd4+ {The position is equal.} 63. Kh2 {And now Qc1+ would win.} Qh4+ 64. Kg1 Qe1+ 65. Kh2 Qh4+ 66. Kg1 Qe1+ 67. Kh2 Qh4+ {Quite a comeback for White. Accuracy: White = 91%, Black = 83%.} 1/2-1/2

[Event "FIDE-Online-Steinitz-Memorial-Women"]
[Site "Internet"]
[Date "2020.05.15"]
[Round "4"]
[White "Kosteniuk, Alexandra"]
[Black "Paehtz, Elisabeth"]
[Result "1-0"]
[WhiteElo "2521"]
[BlackElo "2396"]
[Annotator "RC"]
[PlyCount "89"]
[EventDate "2020.05.15"]
[EventType "tourn"]
[SourceTitle "playchess.com"]
[Source "ChessBase"]
[SourceQuality "1"]
[TimeControl "180+2"]

1. e4 c5 2. c3 {[%emt 0:00:04]} d5 {[%emt 0:00:05]} 3. exd5 {[%emt 0:00:01]} Qxd5 {[%emt 0:00:01]} 4. d4 {[%emt 0:00:00]} g6 {[%emt 0:00:01]} 5. Nf3 {[%emt 0:00:03]} Bg7 {[%emt 0:00:02]} 6. Be2 {[%emt 0:00:09]} cxd4 {[%emt 0:00:10]} 7. cxd4 {[%emt 0:00:03]} Nf6 {[%emt 0:00:03]} 8. Nc3 {[%emt 0:00:02]} Qd8 {[%emt 0:00:06]} 9. O-O {[%emt 0:00:09]} O-O {[%emt 0:00:02]} 10. h3 {[%emt 0:00:05]} Nbd7 {[%emt 0:00:02]} 11. Ne5 {[%emt 0:00:15]} Nb6 {[%emt 0:00:05]} 12. Bf3 {[%emt 0:00:03]} Nfd5 {[%emt 0:00:15]} 13. a4 {[%emt 0:00:01]} Nc7 {[%emt 0:00:12]} 14. a5 {[%emt 0:00:06]} Nbd5 {[%emt 0:00:01]} 15. a6 {[%emt 0:00:07]} e6 {[%emt 0:00:35]} 16. axb7 {[%emt 0:00:29]} Bxb7 {[%emt 0:00:02]} 17. Ne4 {[%emt 0:00:01]} Qe7 {[%emt 0:00:10]} 18. Re1 {[%emt 0:00:07]} f6 {[%emt 0:00:21]} 19. Nd3 {[%emt 0:00:11]} Bc6 {[%emt 0:00:15]} 20. Nec5 {[%emt 0:00:03]} Qf7 {[%emt 0:00:05]} 21. Nf4 {[%emt 0:00:09]} Rfe8 {[%emt 0:00:05]} 22. Bg4 {[%emt 0:00:23]} Nxf4 {[%emt 0:00:11]} 23. Bxf4 {[%emt 0:00:02]} f5 {[%emt 0:00:03]} 24. Bf3 {[%emt 0:00:35]} Bxf3 {[%emt 0:00:02]} 25. Qxf3 {[%emt 0:00:01]} Bxd4 {[%emt 0:00:08]} 26. Nb7 {[%emt 0:00:01]} Qg7 {[%emt 0:00:13]} 27. Qc6 {[%emt 0:00:21]} e5 {[%emt 0:00:05]} 28. Nd6 {[%emt 0:00:04]} Rf8 {[%emt 0:00:08]} 29. Qc4+ {[%emt 0:00:02]} Kh8 {[%emt 0:00:01]} 30. Bh6 {[%emt 0:00:05]} Qxh6 {[%emt 0:00:04]} 31. Nf7+ {[%emt 0:00:01]} Rxf7 {[%emt 0:00:02]} 32. Qxf7 {[%emt 0:00:00]} Qg7 {[%emt 0:00:04]} 33. Qb3 {[%emt 0:00:01]} Rf8 {[%emt 0:00:03]} 34. Rac1 {[%emt 0:00:02]} Qf7 {[%emt 0:00:05]} 35. Qb7 {[%emt 0:00:03]} Ne6 {[%emt 0:00:03]} 36. Qb5 {[%emt 0:00:04]} Nf4 {[%emt 0:00:01]} 37. Rxe5 {[%emt 0:00:01]} Qg7 {[%emt 0:00:07]} 38. Re8 {[%emt 0:00:04]} h5 {[%emt 0:00:05]} 39. Rcc8 {[%emt 0:00:04]} Rxe8 {[%emt 0:00:01]} 40. Rxe8+ {[%emt 0:00:02]} Kh7 {[%emt 0:00:01]} 41. Qb4 {[%emt 0:00:03]} Nd5 {[%emt 0:00:05]} 42. Qd6 {[%emt 0:00:02]} Qb7 {[%emt 0:00:03]} 43. Rd8 {[%emt 0:00:02]} Nf6 {[%emt 0:00:03]} 44. Qxd4 {[%emt 0:00:02]} Kh6 {[%emt 0:00:02]} 45. Qxf6 {[%emt 0:00:02]} 1-0

[Event "FIDE-Online-Steinitz-Memorial-Women"]
[Site "Internet"]
[Date "2020.05.15"]
[Round "4"]
[White "Stefanova, Antoaneta"]
[Black "Khademalsharieh, Sarasadat"]
[Result "1-0"]
[WhiteElo "2485"]
[BlackElo "2431"]
[Annotator "TA"]
[PlyCount "93"]
[EventDate "2020.05.15"]
[EventType "tourn"]
[SourceTitle "playchess.com"]
[Source "ChessBase"]
[SourceQuality "1"]

{[%evp 19,93,52,57,48,78,72,72,83,76,35,44,38,30,-10,-6,-23,-22,-25,-27,-53,-16,-12,-7,-8,0,0,22,22,27,16,97,110,112,87,88,81,139,125,148,128,135,129,307,308,290,302,274,297,313,0,223,228,373,372,450,439,584,548,574,567,560,521,472,414,1702,1700,1543,1198,2725,2648,2379,2490,29973,29945,29977,29978]} 1. d4 d5 2. Nf3 e6 3. e3 Nf6 4. Bd3 c5 5. c3 Nc6 6. O-O Bd6 7. Nbd2 O-O 8. dxc5 Bxc5 9. e4 dxe4 10. Nxe4 Be7 11. Qc2 {D05: Colle System with ...e6.} Nxe4 12. Bxe4 f5 13. Bxc6 {White is better.} bxc6 14. Ne5 {[#]} Qc7 $146 ({Predecessor:} 14... Qe8 15. Qa4 c5 16. Qxe8 Rxe8 17. Be3 Bb7 18. Rfd1 Rad8 19. Nd7 Rc8 20. Rd2 g5 {1-0 (48) Alekseeva,A-Fedoseeva,L St Petersburg 2001}) 15. Re1 Bd6 16. f4 c5 17. c4 Bb7 18. b3 Be4 19. Qc3 Bxe5 (19... Rad8 {seems wilder.} 20. Be3 a5 21. Red1 a4 22. bxa4 Ra8) 20. Qxe5 Qxe5 21. fxe5 Rfd8 22. Be3 Rac8 23. Rad1 Rxd1 24. Rxd1 $11 {[%mdl 4096] Endgame KRB-KRB} Rc7 (24... a5 $11) 25. Rd6 $16 Kf7 26. Kf2 Bb7 27. h4 Ke7 (27... Bc8 $142) 28. Bg5+ Kf7 29. Bd8 Rc8 30. Rd7+ Kg8 $2 {[#]} (30... Kg6 $16) 31. Rxb7 $18 Rxd8 32. Rxa7 {KR-KR} Rd2+ 33. Kf3 Rd3+ 34. Kf2 Rd2+ 35. Kg3 Re2 (35... Rd3+ {is a better defense.} 36. Kf2 Rd2+) 36. Ra5 Rxe5 37. b4 {[%cal Bb3b4,Bb4b5,Bb5b6,Bb6b7][%mdl 32]} Re3+ 38. Kf2 Rc3 39. Rxc5 Rc2+ 40. Kf3 Rxa2 41. b5 {[#] Threatens to win with b6.} Kf7 (41... Rb2 $142 42. Kf4 h5) 42. b6 Ra3+ 43. Kf2 Ra8 44. b7 Rb8 45. Rc7+ Kf6 46. c5 Ke5 47. c6 {Accuracy: White = 90%, Black = 43%.} 1-0

[Event "FIDE-Online-Steinitz-Memorial-Women"]
[Site "Internet"]
[Date "2020.05.15"]
[Round "4"]
[White "Sebag, Marie"]
[Black "Tan, Zhongyi"]
[Result "1-0"]
[WhiteElo "2482"]
[BlackElo "2510"]
[Annotator "RC"]
[PlyCount "73"]
[EventDate "2020.05.15"]
[EventType "tourn"]
[SourceTitle "playchess.com"]
[Source "ChessBase"]
[SourceQuality "1"]
[TimeControl "180+2"]

1. e4 e5 2. Nf3 {[%emt 0:00:04]} Nc6 {[%emt 0:00:04]} 3. Bb5 {[%emt 0:00:01]} Nf6 {[%emt 0:00:02]} 4. O-O {[%emt 0:00:05]} Nxe4 {[%emt 0:00:02]} 5. Re1 {[%emt 0:00:01]} Nd6 {[%emt 0:00:01]} 6. Nxe5 {[%emt 0:00:02]} Be7 {[%emt 0:00:04]} 7. Bf1 {[%emt 0:00:03]} Nxe5 {[%emt 0:00:02]} 8. Rxe5 {[%emt 0:00:01]} O-O {[%emt 0:00:00]} 9. d4 {[%emt 0:00:01]} Bf6 {[%emt 0:00:03]} 10. Re1 {[%emt 0:00:02]} Re8 {[%emt 0:00:06]} 11. c3 {[%emt 0:00:13]} Rxe1 {[%emt 0:00:05]} 12. Qxe1 {[%emt 0:00:02]} Ne8 {[%emt 0:00:20]} 13. Bf4 {[%emt 0:00:04]} d5 {[%emt 0:00:02]} 14. Nd2 {[%emt 0:00:02]} c6 {[%emt 0:00:11]} 15. Bd3 {[%emt 0:00:02]} g6 {[%emt 0:00:02]} 16. Nf3 {[%emt 0:00:02]} Ng7 {[%emt 0:00:03]} 17. Qe2 {[%emt 0:00:06]} Bf5 {[%emt 0:00:02]} 18. Bxf5 {[%emt 0:00:01]} Nxf5 {[%emt 0:00:02]} 19. Re1 {[%emt 0:00:02]} Nd6 {[%emt 0:00:06]} 20. Ne5 {[%emt 0:00:11]} Bg7 {[%emt 0:00:28]} 21. h3 {[%emt 0:00:13]} Ne4 {[%emt 0:00:04]} 22. f3 {[%emt 0:00:24]} Nd6 {[%emt 0:00:02]} 23. Nd3 {[%emt 0:00:09]} Nf5 {[%emt 0:00:18]} 24. g4 {[%emt 0:00:08]} Nh4 {[%emt 0:00:10]} 25. Bg3 {[%emt 0:00:02]} Qf6 {[%emt 0:00:28]} 26. f4 {[%emt 0:00:06]} g5 {[%emt 0:00:03]} 27. Bxh4 {[%emt 0:00:14]} gxh4 {[%emt 0:00:02]} 28. Qe7 {[%emt 0:00:02]} Qg6 {[%emt 0:00:08]} 29. f5 {[%emt 0:00:12]} Qh6 {[%emt 0:00:01]} 30. Qxb7 {[%emt 0:00:10]} Rf8 {[%emt 0:00:09]} 31. Qe7 {[%emt 0:00:05]} Qd2 {[%emt 0:00:03]} 32. Qe3 {[%emt 0:00:09]} Qc2 {[%emt 0:00:03]} 33. Qe2 {[%emt 0:00:05]} Qa4 {[%emt 0:00:03]} 34. a3 {[%emt 0:00:06]} Bf6 {[%emt 0:00:06]} 35. Qd2 {[%emt 0:00:05]} Kh8 {[%emt 0:00:05]} 36. Nc5 {[%emt 0:00:04]} Qa5 {[%emt 0:00:25]} 37. Nd7 {[%emt 0:00:03]} 1-0

[Event "FIDE-Online-Steinitz-Memorial-Women"]
[Site "Internet"]
[Date "2020.05.15"]
[Round "4"]
[White "Abdumalik, Zhansaya"]
[Black "Cori T., Deysi"]
[Result "1-0"]
[WhiteElo "2409"]
[BlackElo "2391"]
[Annotator "TA"]
[PlyCount "67"]
[EventDate "2020.05.15"]
[EventType "tourn"]
[SourceTitle "playchess.com"]
[Source "ChessBase"]
[SourceQuality "1"]

{[%evp 11,66,58,33,40,44,48,39,50,69,66,26,19,28,-49,275,288,362,0,0,0,78,-30,95,0,0,0,0,0,21,-298,-289,-295,-283,-286,-287,-238,-270,-256,1558,1541,1455,1153,1402,1372,29990,29991,29994,1205,29994,29995,29995,29996,29996,29997,29997,29989,29999]} 1. e4 d5 2. exd5 Qxd5 3. Nc3 Qd6 4. d4 Nf6 5. Nf3 a6 6. g3 Bg4 7. h3 {B01: Scandinavian Defence.} Bh5 8. Bg2 Nc6 9. Bf4 {White is slightly better.} Qb4 10. O-O O-O-O $1 11. a3 Qxb2 12. Na4 (12. Ne2 $11) 12... Qb5 $2 {[%mdl 8192] [#]} (12... Bxf3 $1 $15 {keeps the upper hand.} 13. Nxb2 Bxd1 14. Raxd1 Rxd4) 13. c4 $1 $18 {[%cal Rc4b5][%mdl 512] [#]} Qf5 $146 {Hoping for ...e5.} (13... Qxc4 14. Rc1) ({Predecessor:} 13... Qxc4 14. Rc1 Bxf3 15. Bxf3 Qxd4 16. Qb3 Qd3 17. Qb6 e5 18. Bxe5 Bd6 19. Bxd6 Rxd6 20. Qxb7+ Kxb7 {1-0 (32) Margaritis,F (2172)-Ioannidis,E (1508) Chalkida 2009}) 14. d5 $2 (14. Qb3 $18 Bxf3 15. Bxf3) 14... e5 $1 $11 15. Be3 {Black must now prevent g4.} e4 (15... Na5 $1 $11) 16. g4 {[#]} (16. Qb1 $1 $16 Qd7 17. dxc6 Qxc6 18. Ng5 Qxa4 19. Nxe4) 16... Nxg4 {[#]} (16... exf3 $1 $11 {[%mdl 512] keeps the balance.} 17. gxf5 (17. Qxf3 Qxf3) 17... fxg2) 17. hxg4 ({Better is} 17. Qb1 $1 $16 Nce5 18. Nd4) 17... Bxg4 {[%mdl 64] Pin} 18. Nh4 $1 {[%cal Rh4f5]} Qh5 $1 19. f3 $1 $36 {[%cal Rf3g4][%mdl 2048] White is more active.} exf3 20. Bxf3 $2 {[%mdl 8192]} (20. Nxf3 $11 {and White has nothing to worry.} Ne5 21. c5) 20... Ne5 $19 21. Bxg4+ Nxg4 22. Rf4 f5 $1 23. Bf2 Bd6 24. Rxf5 Qh6 $4 {[%mdl 8192]} (24... g5 $19 25. Rb1 Rhf8) 25. Qxg4 $18 Kb8 26. c5 Be7 {[#]} 27. c6 $1 Rhf8 {[#]} (27... bxc6 28. Rb1+) 28. Rb1 $1 b5 29. Nc5 (29. Qd4 $142 Qg5+ 30. Rxg5 Rxf2 31. d6 Rf1+ 32. Kxf1 Bxg5 33. dxc7+ {[%mdl 64] Discovered Attack} Kxc7 34. Qb6+ {[%mdl 64] Double Attack} Kd6 35. c7+ Ke5 36. Re1+ Kf4 37. Qf2+ Kg4 38. cxd8=B Kh5 {[#]} 39. Qf5 $1 {[%mdl 512]} h6 40. Qf3+ Kxh4 41. Re4#) 29... Bxh4 30. Nxa6+ {White mates.} Ka8 31. Nxc7+ {[%mdl 64] Double Attack} Kb8 32. Rxb5+ Kxc7 33. Rxf8 {[%mdl 64] Overworked Piece} Rxf8 34. Qd7# {Both players deserved the win here. Accuracy: White = 66%, Black = 52%.} 1-0

[Event "FIDE-Online-Steinitz-Memorial-Women"]
[Site "Internet"]
[Date "2020.05.15"]
[Round "5"]
[White "Lei, Tingjie"]
[Black "Stefanova, Antoaneta"]
[Result "1-0"]
[WhiteElo "2530"]
[BlackElo "2485"]
[Annotator "TA"]
[PlyCount "85"]
[EventDate "2020.05.15"]
[EventType "tourn"]
[SourceTitle "playchess.com"]
[Source "ChessBase"]
[SourceQuality "1"]

{[%evp 9,85,32,34,24,37,22,54,31,45,31,40,25,31,31,31,18,28,31,23,25,25,8,79,80,82,69,42,54,145,85,106,87,200,142,137,137,178,82,172,167,220,0,111,85,89,85,85,23,66,38,39,23,88,86,89,89,101,95,94,83,158,158,205,187,190,176,183,162,188,147,386,354,421,421,580,579,29973,29974]} 1. e4 e5 2. Nf3 Nc6 3. Bb5 a6 4. Ba4 g6 5. c3 b5 6. Bc2 {C70: Ruy Lopez: 3...a6 4 Ba4, Norwegian and Delayed Schliemann.} Bg7 {[#]} 7. a4 $146 {Strongly threatening axb5.} ({Predecessor:} 7. d4 exd4 8. cxd4 d5 9. exd5 Qxd5 10. Nc3 Qd8 11. Be4 Bb7 12. O-O Nge7 13. Bg5 {0-1 (64) Sosovicka,J (2124)-Maldonado Mena,G (1850) Bratislava 2019}) 7... Rb8 8. O-O {White is slightly better.} d6 9. Re1 Nge7 10. d4 exd4 11. Nxd4 O-O 12. Bg5 Bd7 13. axb5 axb5 14. Nxc6 Bxc6 15. e5 {Black must now prevent exd6.} d5 (15... Re8 $11 {remains equal.}) 16. Nd2 $16 h6 17. Bh4 g5 18. Bg3 Bd7 {[#]} (18... d4 $14) 19. Nb3 (19. Nf3 $142 $1) 19... Bf5 20. Nc5 Qc8 (20... b4 $16) 21. Bxf5 Qxf5 22. e6 {Hoping for Nd7.} Rbc8 23. Ra7 (23. h3 $18) 23... Nc6 (23... d4 $16 24. exf7+ (24. cxd4 Nc6 $14) 24... Rxf7) 24. Ra6 $18 ({Don't take} 24. Rxc7 $6 Rxc7 25. Bxc7 fxe6 $16) 24... Ne7 (24... Nb8 $142) 25. Ra7 (25. h4 $18) 25... Nc6 $16 26. Rxc7 Rxc7 27. Bxc7 {Threatens to win with g4.} fxe6 28. Nxe6 ({White should play} 28. Bg3 $16) 28... Qxf2+ $11 {[%mdl 64] Double Attack} 29. Kh1 Rf7 30. Bg3 $36 {[%mdl 2048] White fights for an advantage.} Qf5 (30... Qxb2 $11 31. Qxd5 Qxc3 32. Nxg7 (32. Qxb5 Be5 $11) 32... Kxg7 33. Qxb5 Ra7) 31. Nxg7 Kxg7 32. h3 Ne7 33. Qd4+ Kh7 34. Qb6 Ng6 (34... Qd7 $142) 35. Qxb5 $16 h5 36. Qe2 Kh6 37. Kg1 h4 {[#]} 38. Bd6 $1 Qd7 39. Qe6 Qb7 $2 {Loses the game.} (39... Qxe6 $16 {was worth a try.} 40. Rxe6 Ra7) 40. b4 $18 Kh7 41. Bc5 Nf4 42. Qg4 Kg6 43. Re5 {Accuracy: White = 73%, Black = 46%.} 1-0